Quiz sur Lisbonne - Statistiques

Statistiques générales
  • Ce quiz a été pris 79 fois
  • Le résultat moyen est 5 sur 15
Statistiques - réponses
Information Réponse % Correct
Nom donné aux habitants de Lisbonne Lisboètes
71%
Plus long pont d'europe Ponte Vasco de Gama
52%
Plus grande place de la ville Place du Commerce
47%
Numéro du tramway emblématique, traversant toute la ville quasiment 28
45%
Année du tremblement de terre qui a réduit une partie de la ville en ruines 1755
43%
Fleuve traversant la ville Taje
43%
Pâtisserie emblématique et originelle, portant son nom d'un quartier de la ville Pastél de Belém
40%
Quartier célèbre pour sortir et faire la fête Bairro Alto
31%
Personnage célèbre qui a en partie reconstruit la ville après cette catastrophe, ayant une statue à son nom Marquis de Pombal
22%
Sport répandu que l'on peut pratiquer aux alentours Surf
21%
Pont rouge semblable au Golden Gate Ponte 25 de abril
14%
Principale avenue située en plein centre Avenue de la Liberté
12%
Chaîne de plages s'étalant sur des dizaines de kilomètres au sud de Lisbonne Costa de Caparica
10%
Quartier de résidence du poète Fernando Pessoa, maintenant connu pour ses nombreux commerces Campo de Ourique
3%
Cité située au nord est de Lisbonne, connue pour ne pas être très sécurisée Chelas
3%
Aucun quiz correspondant
Distribution des résultats
% des personnes avec chaque résultat
Percentile par nombre de réponses
Votre historique - résultats
Vous n’avez pas pris ce quiz